000 00239nam a2200097Ia 4500
005 20250424112843.0
008 250424s9999 xx 000 0 und d
300 _aiii, 107 p. :ill. ; 29 cm.
650 _aChemistry--Periodicals.
942 _cSR
999 _c37516
_d37516